[Event "April 9 Late 2024"]
[Site "Chess.com"]
[Date "2024.04.09"]
[Round "4"]
[White "Capp, Stephen"]
[Black "Do Valle Cardoso, Lucas"]
[Result "0-1"]
[Board "160"]
[WhiteFideId "2027089"]
[BlackFideId "2163144"]
[BlackTitle "FM"]
[WhiteElo "2107"]
[BlackElo "2732"]
[WhiteTeam "USA"]
[BlackTeam "BRA"]
[WhiteClock "0:00:36"]
[BlackClock "0:00:19"]
[Variant "Standard"]

1. e4 {[%clk 0:03:00]}  e5 {[%clk 0:00:22]} 2. Nf3 {[%clk 0:02:58]}  Nc6 {[%clk 0:00:20]} 3. Bc4 {[%clk 0:02:54]}  Nf6 {[%clk 0:00:20]} 4. d3 {[%clk 0:02:53]}  Bc5 {[%clk 0:00:20]} 5. Nc3 {[%clk 0:02:52]}  d6 {[%clk 0:00:21]} 6. h3 {[%clk 0:02:51]}  a6 {[%clk 0:00:21]} 7. Bb3 {[%clk 0:02:49]}  h6 {[%clk 0:00:22]} 8. Be3 {[%clk 0:02:43]}  Ba7 {[%clk 0:00:23]} 9. Bxa7 {[%clk 0:02:42]}  Rxa7 {[%clk 0:00:24]} 10. Qe2 {[%clk 0:02:38]}  Be6 {[%clk 0:00:24]} 11. O-O {[%clk 0:02:31]}  Bxb3 {[%clk 0:00:24]} 12. axb3 {[%clk 0:02:30]}  Ra8 {[%clk 0:00:25]} 13. Qe3 {[%clk 0:02:26]}  O-O {[%clk 0:00:25]} 14. Ne2 {[%clk 0:02:21]}  d5 {[%clk 0:00:25]} 15. Ng3 {[%clk 0:02:20]}  Re8 {[%clk 0:00:25]} 16. Rad1 {[%clk 0:02:09]}  d4 {[%clk 0:00:24]} 17. Qe2 {[%clk 0:02:07]}  Qd6 {[%clk 0:00:24]} 18. Nf5 {[%clk 0:02:05]}  Qe6 {[%clk 0:00:25]} 19. Nh2 {[%clk 0:02:04]}  Ne7 {[%clk 0:00:26]} 20. g4 {[%clk 0:02:03]}  Nh7 {[%clk 0:00:23]} 21. Qd2 {[%clk 0:01:49]}  Ng6 {[%clk 0:00:22]} 22. h4 {[%clk 0:01:45]}  Nf4 {[%clk 0:00:21]} 23. f3 {[%clk 0:01:32]}  g6 {[%clk 0:00:19]} 24. Ng3 {[%clk 0:01:31]}  Nf8 {[%clk 0:00:18]} 25. Rf2 {[%clk 0:01:31]}  Qf6 {[%clk 0:00:17]} 26. h5 {[%clk 0:01:23]}  N8e6 {[%clk 0:00:18]} 27. hxg6 {[%clk 0:01:15]}  fxg6 {[%clk 0:00:18]} 28. Nhf1 {[%clk 0:01:14]}  Nh3+ {[%clk 0:00:18]} 29. Kg2 {[%clk 0:01:13]}  Nxf2 {[%clk 0:00:19]} 30. Kxf2 {[%clk 0:01:13]}  Nf4 {[%clk 0:00:19]} 31. Nh2 {[%clk 0:01:08]}  Qh4 {[%clk 0:00:19]} 32. Rh1 {[%clk 0:01:05]}  Qh3 {[%clk 0:00:20]} 33. Ngf1 {[%clk 0:00:42]}  Qg2+ {[%clk 0:00:18]} 34. Ke1 {[%clk 0:00:36]}  Qxh1 {[%clk 0:00:19]} 0-1

[Event "April 9 Late 2024"]
[Site "Chess.com"]
[Date "2024.04.10"]
[Round "4"]
[White "Ramirez Madrid, Gerardo Alfonso"]
[Black "Temirlan Baltabaev"]
[Result "0-1"]
[Board "161"]
[WhiteFideId "6505945"]
[BlackFideId "4112172"]
[WhiteTitle "FM"]
[BlackTitle "FM"]
[WhiteElo "2280"]
[BlackElo "2605"]
[WhiteTeam "CRC"]
[BlackTeam "RUS"]
[WhiteClock "0:00:00"]
[BlackClock "0:00:19"]
[Variant "Standard"]

1. Nf3 {[%clk 0:02:58]}  d5 {[%clk 0:02:59]} 2. g3 {[%clk 0:02:53]}  c6 {[%clk 0:02:59]} 3. Bg2 {[%clk 0:02:52]}  Nf6 {[%clk 0:02:59]} 4. c4 {[%clk 0:02:50]}  g6 {[%clk 0:02:58]} 5. b3 {[%clk 0:02:48]}  Bg7 {[%clk 0:02:58]} 6. Bb2 {[%clk 0:02:47]}  O-O {[%clk 0:02:58]} 7. O-O {[%clk 0:02:47]}  Nbd7 {[%clk 0:02:53]} 8. d3 {[%clk 0:02:30]}  Re8 {[%clk 0:02:51]} 9. Nbd2 {[%clk 0:02:29]}  b6 {[%clk 0:02:46]} 10. Rc1 {[%clk 0:02:27]}  Bb7 {[%clk 0:02:45]} 11. a3 {[%clk 0:02:24]}  e5 {[%clk 0:02:44]} 12. e4 {[%clk 0:02:05]}  Rc8 {[%clk 0:02:39]} 13. Qe2 {[%clk 0:02:03]}  d4 {[%clk 0:02:20]} 14. b4 {[%clk 0:01:39]}  c5 {[%clk 0:02:18]} 15. Ne1 {[%clk 0:01:28]}  h5 {[%clk 0:02:16]} 16. f4 {[%clk 0:01:27]}  Ng4 {[%clk 0:02:15]} 17. Nc2 {[%clk 0:01:24]}  exf4 {[%clk 0:02:14]} 18. gxf4 {[%clk 0:01:22]}  Qh4 {[%clk 0:02:11]} 19. h3 {[%clk 0:01:21]}  Nh6 {[%clk 0:01:59]} 20. Qf2 {[%clk 0:01:11]}  Qe7 {[%clk 0:01:51]} 21. Nf3 {[%clk 0:01:10]}  f5 {[%clk 0:01:36]} 22. e5 {[%clk 0:01:04]}  Nf8 {[%clk 0:01:34]} 23. Ng5 {[%clk 0:01:00]}  Nf7 {[%clk 0:01:30]} 24. Nxf7 {[%clk 0:00:15]}  Qxf7 {[%clk 0:01:28]} 25. Ne1 {[%clk 0:00:14]}  Ne6 {[%clk 0:01:26]} 26. Rc2 {[%clk 0:00:14]}  Bh6 {[%clk 0:01:25]} 27. Bc1 {[%clk 0:00:13]}  Kh7 {[%clk 0:01:23]} 28. Qg3 {[%clk 0:00:13]}  Rb8 {[%clk 0:01:17]} 29. h4 {[%clk 0:00:12]}  a5 {[%clk 0:01:14]} 30. b5 {[%clk 0:00:10]}  Rg8 {[%clk 0:01:06]} 31. Bxb7 {[%clk 0:00:09]}  Qxb7 {[%clk 0:01:04]} 32. Nf3 {[%clk 0:00:09]}  Qe7 {[%clk 0:00:57]} 33. Rg2 {[%clk 0:00:08]}  Rg7 {[%clk 0:00:54]} 34. Kh2 {[%clk 0:00:06]}  Rbg8 {[%clk 0:00:54]} 35. Rfg1 {[%clk 0:00:06]}  Qd8 {[%clk 0:00:53]} 36. Ng5+ {[%clk 0:00:04]}  Bxg5 {[%clk 0:00:51]} 37. hxg5 {[%clk 0:00:04]}  Re7 {[%clk 0:00:48]} 38. Bd2 {[%clk 0:00:04]}  Kg7 {[%clk 0:00:48]} 39. Qh4 {[%clk 0:00:04]}  Rh8 {[%clk 0:00:47]} 40. Kg3 {[%clk 0:00:04]}  Qa8 {[%clk 0:00:45]} 41. Qh1 {[%clk 0:00:03]}  Kf7 {[%clk 0:00:30]} 42. Rh2 {[%clk 0:00:04]}  Ng7 {[%clk 0:00:27]} 43. Kf2 {[%clk 0:00:03]}  Ke6 {[%clk 0:00:22]} 44. Qf3 {[%clk 0:00:02]}  Qxf3+ {[%clk 0:00:19]} 45. Kxf3 {[%clk 0:00:02]}  h4 {[%clk 0:00:18]} 46. Rgh1 {[%clk 0:00:02]}  Nh5 {[%clk 0:00:18]} 47. Rxh4 {[%clk 0:00:00]}  Reh7 {[%clk 0:00:19]} 0-1

[Event "April 9 Late 2024"]
[Site "Chess.com"]
[Date "2024.04.09"]
[Round "4"]
[White "Camacho Collados, Jose"]
[Black "Grabinsky, Vladimir"]
[Result "1-0"]
[Board "162"]
[WhiteFideId "2265427"]
[BlackFideId "14107074"]
[WhiteTitle "IM"]
[BlackTitle "IM"]
[WhiteElo "2595"]
[BlackElo "2259"]
[WhiteTeam "WLS"]
[BlackTeam "UKR"]
[WhiteClock "0:00:04"]
[BlackClock "0:00:00"]
[Variant "Standard"]

1. Nf3 {[%clk 0:02:59]}  d5 {[%clk 0:03:00]} 2. b3 {[%clk 0:02:57]}  Nf6 {[%clk 0:02:57]} 3. Bb2 {[%clk 0:02:58]}  c5 {[%clk 0:02:54]} 4. e3 {[%clk 0:02:57]}  Nc6 {[%clk 0:02:55]} 5. Bb5 {[%clk 0:02:56]}  g6 {[%clk 0:02:51]} 6. Ne5 {[%clk 0:02:56]}  Bd7 {[%clk 0:02:48]} 7. Nxd7 {[%clk 0:02:44]}  Qxd7 {[%clk 0:02:49]} 8. d4 {[%clk 0:02:45]}  cxd4 {[%clk 0:02:43]} 9. Bxd4 {[%clk 0:02:42]}  Bg7 {[%clk 0:02:43]} 10. c4 {[%clk 0:02:37]}  dxc4 {[%clk 0:02:39]} 11. O-O {[%clk 0:02:29]}  O-O {[%clk 0:02:32]} 12. bxc4 {[%clk 0:02:26]}  Qe6 {[%clk 0:02:20]} 13. Qf3 {[%clk 0:02:17]}  Ne4 {[%clk 0:02:10]} 14. Rd1 {[%clk 0:02:04]}  Rfd8 {[%clk 0:01:59]} 15. Bxg7 {[%clk 0:01:45]}  Kxg7 {[%clk 0:01:53]} 16. Na3 {[%clk 0:01:24]}  f5 {[%clk 0:01:25]} 17. Rac1 {[%clk 0:01:19]}  Rac8 {[%clk 0:01:20]} 18. h4 {[%clk 0:01:17]}  Ne5 {[%clk 0:01:14]} 19. Qe2 {[%clk 0:01:09]}  a6 {[%clk 0:01:08]} 20. Ba4 {[%clk 0:01:04]}  Ng4 {[%clk 0:01:07]} 21. f3 {[%clk 0:00:56]}  Rxd1+ {[%clk 0:00:37]} 22. Qxd1 {[%clk 0:00:37]}  Nc5 {[%clk 0:00:33]} 23. Qd4+ {[%clk 0:00:23]}  Kf7 {[%clk 0:00:25]} 24. fxg4 {[%clk 0:00:19]}  Nxa4 {[%clk 0:00:25]} 25. gxf5 {[%clk 0:00:19]}  gxf5 {[%clk 0:00:24]} 26. Rf1 {[%clk 0:00:17]}  Nc5 {[%clk 0:00:22]} 27. g4 {[%clk 0:00:10]}  Rg8 {[%clk 0:00:17]} 28. Kh2 {[%clk 0:00:09]}  Ne4 {[%clk 0:00:14]} 29. Rxf5+ {[%clk 0:00:07]}  Ke8 {[%clk 0:00:11]} 30. Qe5 {[%clk 0:00:05]}  Qc6 {[%clk 0:00:06]} 31. Qd5 {[%clk 0:00:04]}  Qxd5 {[%clk 0:00:05]} 32. cxd5 {[%clk 0:00:04]}  Rxg4 {[%clk 0:00:04]} 33. Rh5 {[%clk 0:00:05]}  Nd2 {[%clk 0:00:00]} 34. Rxh7 {[%clk 0:00:04]} 1-0

[Event "April 9 Late 2024"]
[Site "Chess.com"]
[Date "2024.04.09"]
[Round "4"]
[White "Maltsevskaya, Aleksandra"]
[Black "Andrew D Green"]
[Result "0-1"]
[Board "165"]
[WhiteFideId "24174041"]
[BlackFideId "2401762"]
[WhiteTitle "IM"]
[BlackTitle "CM"]
[WhiteElo "2506"]
[BlackElo "2243"]
[WhiteTeam "POL"]
[BlackTeam "SCO"]
[WhiteClock "0:00:04"]
[BlackClock "0:00:05"]
[Variant "Standard"]

1. Nf3 {[%clk 0:01:25]}  c5 {[%clk 0:02:58]} 2. g3 {[%clk 0:01:25]}  g6 {[%clk 0:02:58]} 3. Bg2 {[%clk 0:01:23]}  Bg7 {[%clk 0:02:58]} 4. O-O {[%clk 0:01:23]}  Nc6 {[%clk 0:02:59]} 5. d3 {[%clk 0:01:24]}  d6 {[%clk 0:02:59]} 6. Nbd2 {[%clk 0:01:24]}  e5 {[%clk 0:02:58]} 7. e4 {[%clk 0:01:25]}  Nge7 {[%clk 0:02:58]} 8. Nh4 {[%clk 0:01:25]}  O-O {[%clk 0:02:58]} 9. f4 {[%clk 0:01:26]}  exf4 {[%clk 0:02:48]} 10. gxf4 {[%clk 0:01:27]}  f5 {[%clk 0:02:47]} 11. c3 {[%clk 0:01:20]}  Rb8 {[%clk 0:02:45]} 12. a4 {[%clk 0:01:19]}  a6 {[%clk 0:02:45]} 13. Nc4 {[%clk 0:01:17]}  b5 {[%clk 0:02:40]} 14. axb5 {[%clk 0:01:18]}  axb5 {[%clk 0:02:40]} 15. Ne3 {[%clk 0:01:17]}  fxe4 {[%clk 0:01:59]} 16. dxe4 {[%clk 0:01:18]}  b4 {[%clk 0:01:55]} 17. Bd2 {[%clk 0:01:13]}  bxc3 {[%clk 0:01:53]} 18. Bxc3 {[%clk 0:01:14]}  Nd4 {[%clk 0:01:38]} 19. f5 {[%clk 0:01:11]}  gxf5 {[%clk 0:01:07]} 20. Nhxf5 {[%clk 0:01:08]}  Nexf5 {[%clk 0:01:07]} 21. Nxf5 {[%clk 0:01:06]}  Bxf5 {[%clk 0:00:56]} 22. exf5 {[%clk 0:01:06]}  Qg5 {[%clk 0:00:39]} 23. Kh1 {[%clk 0:01:00]}  Rxf5 {[%clk 0:00:28]} 24. Rg1 {[%clk 0:00:45]}  Qh4 {[%clk 0:00:07]} 25. Ra7 {[%clk 0:00:34]}  Kh8 {[%clk 0:00:04]} 26. Rxg7 {[%clk 0:00:13]}  Kxg7 {[%clk 0:00:05]} 27. Be4+ {[%clk 0:00:13]}  Kf6 {[%clk 0:00:03]} 28. Bxf5 {[%clk 0:00:12]}  Kxf5 {[%clk 0:00:04]} 29. Qf1+ {[%clk 0:00:08]}  Qf4 {[%clk 0:00:03]} 30. Qh3+ {[%clk 0:00:09]}  Ke5 {[%clk 0:00:03]} 31. Re1+ {[%clk 0:00:06]}  Kf6 {[%clk 0:00:03]} 32. Bxd4+ {[%clk 0:00:05]}  cxd4 {[%clk 0:00:03]} 33. Qe6+ {[%clk 0:00:05]}  Kg7 {[%clk 0:00:03]} 34. Rg1+ {[%clk 0:00:03]}  Kh8 {[%clk 0:00:03]} 35. Qe7 {[%clk 0:00:03]}  Qe5 {[%clk 0:00:03]} 36. Qf7 {[%clk 0:00:03]}  Re8 {[%clk 0:00:01]} 37. Rg2 {[%clk 0:00:03]}  Qe1+ {[%clk 0:00:01]} 38. Rg1 {[%clk 0:00:04]}  Qe4+ {[%clk 0:00:02]} 39. Rg2 {[%clk 0:00:04]}  Qe5 {[%clk 0:00:02]} 40. h3 {[%clk 0:00:04]}  d3 {[%clk 0:00:02]} 41. Qf3 {[%clk 0:00:04]}  Qe1+ {[%clk 0:00:03]} 42. Kh2 {[%clk 0:00:04]}  Qe5+ {[%clk 0:00:04]} 43. Rg3 {[%clk 0:00:04]}  Qe2+ {[%clk 0:00:04]} 44. Qg2 {[%clk 0:00:03]}  Qxg2+ {[%clk 0:00:04]} 45. Rxg2 {[%clk 0:00:04]}  Re2 {[%clk 0:00:04]} 46. Kg3 {[%clk 0:00:05]}  Rxg2+ {[%clk 0:00:04]} 47. Kxg2 {[%clk 0:00:04]}  d2 {[%clk 0:00:05]} 0-1

[Event "April 9 Late 2024"]
[Site "Chess.com"]
[Date "2024.04.09"]
[Round "4"]
[White "Garcia Correa, Jose Ricardo"]
[Black "Azali, Tannaz"]
[Result "0-1"]
[Board "166"]
[WhiteFideId "5101832"]
[BlackFideId "12537721"]
[WhiteTitle "FM"]
[BlackTitle "WFM"]
[WhiteElo "2240"]
[BlackElo "2485"]
[WhiteTeam "MEX"]
[BlackTeam "IRI"]
[WhiteClock "0:01:33"]
[BlackClock "0:01:10"]
[Variant "Standard"]

1. e4 {[%clk 0:02:58]}  c5 {[%clk 0:03:00]} 2. Nf3 {[%clk 0:02:58]}  e6 {[%clk 0:03:00]} 3. d4 {[%clk 0:02:59]}  cxd4 {[%clk 0:03:00]} 4. Nxd4 {[%clk 0:02:59]}  Nf6 {[%clk 0:03:01]} 5. Nc3 {[%clk 0:02:59]}  Nc6 {[%clk 0:03:01]} 6. Nxc6 {[%clk 0:03:00]}  bxc6 {[%clk 0:03:01]} 7. Bd3 {[%clk 0:03:00]}  d5 {[%clk 0:03:01]} 8. O-O {[%clk 0:02:59]}  Be7 {[%clk 0:03:01]} 9. Qe2 {[%clk 0:02:59]}  O-O {[%clk 0:03:01]} 10. b3 {[%clk 0:02:58]}  a5 {[%clk 0:02:59]} 11. Bb2 {[%clk 0:02:57]}  Nd7 {[%clk 0:02:57]} 12. Na4 {[%clk 0:02:55]}  Bf6 {[%clk 0:02:49]} 13. e5 {[%clk 0:02:55]}  Be7 {[%clk 0:02:49]} 14. f4 {[%clk 0:02:55]}  c5 {[%clk 0:02:49]} 15. c4 {[%clk 0:02:54]}  Bb7 {[%clk 0:02:42]} 16. Rac1 {[%clk 0:02:52]}  d4 {[%clk 0:02:40]} 17. f5 {[%clk 0:02:48]}  Bg5 {[%clk 0:02:37]} 18. Rce1 {[%clk 0:02:44]}  Be3+ {[%clk 0:02:32]} 19. Kh1 {[%clk 0:02:43]}  Nxe5 {[%clk 0:02:28]} 20. Nxc5 {[%clk 0:02:41]}  Bc8 {[%clk 0:01:58]} 21. Be4 {[%clk 0:02:36]}  Ra7 {[%clk 0:01:55]} 22. fxe6 {[%clk 0:02:36]}  fxe6 {[%clk 0:01:54]} 23. Rxf8+ {[%clk 0:02:34]}  Qxf8 {[%clk 0:01:55]} 24. Rf1 {[%clk 0:02:30]}  Qxc5 {[%clk 0:01:52]} 25. Qh5 {[%clk 0:02:22]}  g6 {[%clk 0:01:39]} 26. Qh3 {[%clk 0:02:18]}  Rf7 {[%clk 0:01:34]} 27. Rxf7 {[%clk 0:02:16]}  Nxf7 {[%clk 0:01:35]} 28. Qf3 {[%clk 0:02:07]}  Ng5 {[%clk 0:01:29]} 29. Qg4 {[%clk 0:01:57]}  Nxe4 {[%clk 0:01:27]} 30. Qxe4 {[%clk 0:01:57]}  Qf5 {[%clk 0:01:24]} 31. Qf3 {[%clk 0:01:44]}  Qxf3 {[%clk 0:01:23]} 32. gxf3 {[%clk 0:01:44]}  d3 {[%clk 0:01:23]} 33. Bc3 {[%clk 0:01:43]}  d2 {[%clk 0:01:24]} 34. Bxd2 {[%clk 0:01:43]}  Bxd2 {[%clk 0:01:25]} 35. Kg2 {[%clk 0:01:44]}  e5 {[%clk 0:01:25]} 36. Kf2 {[%clk 0:01:45]}  Bf5 {[%clk 0:01:26]} 37. Ke2 {[%clk 0:01:46]}  Bf4 {[%clk 0:01:25]} 38. a3 {[%clk 0:01:44]}  Bb1 {[%clk 0:01:26]} 39. b4 {[%clk 0:01:44]}  axb4 {[%clk 0:01:26]} 40. axb4 {[%clk 0:01:44]}  Bxh2 {[%clk 0:01:24]} 41. c5 {[%clk 0:01:37]}  e4 {[%clk 0:01:17]} 42. b5 {[%clk 0:01:31]}  Bd3+ {[%clk 0:01:14]} 43. Ke3 {[%clk 0:01:31]}  Bxb5 {[%clk 0:01:15]} 44. Kxe4 {[%clk 0:01:31]}  Kf7 {[%clk 0:01:15]} 45. Kd5 {[%clk 0:01:31]}  Be2 {[%clk 0:01:14]} 46. c6 {[%clk 0:01:29]}  Bxf3+ {[%clk 0:01:13]} 47. Kc5 {[%clk 0:01:30]}  Bxc6 {[%clk 0:01:13]} 48. Kxc6 {[%clk 0:01:30]}  h5 {[%clk 0:01:14]} 49. Kd5 {[%clk 0:01:31]}  Kf6 {[%clk 0:01:13]} 50. Ke4 {[%clk 0:01:32]}  Kg5 {[%clk 0:01:14]} 51. Kf3 {[%clk 0:01:32]}  Bc7 {[%clk 0:01:14]} 52. Kg2 {[%clk 0:01:33]}  Kg4 {[%clk 0:01:15]} 53. Kh1 {[%clk 0:01:33]}  h4 {[%clk 0:01:16]} 54. Kg2 {[%clk 0:01:34]}  h3+ {[%clk 0:01:16]} 55. Kh1 {[%clk 0:01:34]}  Kg3 {[%clk 0:01:15]} 56. Kg1 {[%clk 0:01:34]}  g5 {[%clk 0:01:12]} 57. Kh1 {[%clk 0:01:34]}  g4 {[%clk 0:01:13]} 58. Kg1 {[%clk 0:01:33]}  Kf3 {[%clk 0:01:11]} 59. Kh1 {[%clk 0:01:33]}  g3 {[%clk 0:01:12]} 60. Kg1 {[%clk 0:01:32]}  Bb6+ {[%clk 0:01:09]} 61. Kh1 {[%clk 0:01:32]}  g2+ {[%clk 0:01:10]} 62. Kh2 {[%clk 0:01:32]}  g1=Q+ {[%clk 0:01:10]} 63. Kxh3 {[%clk 0:01:33]}  Qg3# {[%clk 0:01:10]} 0-1

[Event "April 9 Late 2024"]
[Site "Chess.com"]
[Date "2024.04.09"]
[Round "4"]
[White "Goncalves, Samuel Jesus P"]
[Black "Fernandez Hernandez, Gerardo"]
[Result "1-0"]
[Board "168"]
[WhiteFideId "1945130"]
[BlackFideId "2207400"]
[BlackTitle "CM"]
[WhiteElo "2468"]
[BlackElo "2229"]
[WhiteTeam "POR"]
[BlackTeam "ESP"]
[WhiteClock "0:00:51"]
[BlackClock "0:00:02"]
[Variant "Standard"]

1. e4 {[%clk 0:02:55]}  e6 {[%clk 0:03:00]} 2. d4 {[%clk 0:02:54]}  d5 {[%clk 0:03:00]} 3. Nd2 {[%clk 0:02:55]}  Nc6 {[%clk 0:03:00]} 4. c3 {[%clk 0:02:44]}  e5 {[%clk 0:02:58]} 5. dxe5 {[%clk 0:02:33]}  Nxe5 {[%clk 0:02:43]} 6. Ngf3 {[%clk 0:02:32]}  Nxf3+ {[%clk 0:02:38]} 7. Qxf3 {[%clk 0:02:31]}  Nf6 {[%clk 0:02:24]} 8. Bd3 {[%clk 0:02:17]}  dxe4 {[%clk 0:02:10]} 9. Nxe4 {[%clk 0:02:15]}  Be7 {[%clk 0:02:10]} 10. O-O {[%clk 0:02:13]}  O-O {[%clk 0:02:08]} 11. Nxf6+ {[%clk 0:02:11]}  Bxf6 {[%clk 0:02:08]} 12. Rd1 {[%clk 0:02:12]}  Qe7 {[%clk 0:02:02]} 13. Bf4 {[%clk 0:02:11]}  Be6 {[%clk 0:01:49]} 14. Re1 {[%clk 0:02:07]}  c6 {[%clk 0:01:40]} 15. Bf5 {[%clk 0:01:47]}  Rad8 {[%clk 0:01:39]} 16. Bxe6 {[%clk 0:01:37]}  fxe6 {[%clk 0:01:40]} 17. Qe4 {[%clk 0:01:34]}  e5 {[%clk 0:01:36]} 18. Bg3 {[%clk 0:01:34]}  Rd2 {[%clk 0:01:32]} 19. Re2 {[%clk 0:01:34]}  Rfd8 {[%clk 0:01:22]} 20. Rae1 {[%clk 0:01:28]}  Rxe2 {[%clk 0:01:20]} 21. Qxe2 {[%clk 0:01:29]}  e4 {[%clk 0:01:19]} 22. h3 {[%clk 0:01:13]}  Re8 {[%clk 0:01:10]} 23. Qc4+ {[%clk 0:01:11]}  Kf8 {[%clk 0:00:32]} 24. Rxe4 {[%clk 0:00:53]}  Qxe4 {[%clk 0:00:29]} 25. Bd6+ {[%clk 0:00:53]}  Be7 {[%clk 0:00:08]} 26. Qxe4 {[%clk 0:00:53]}  Bxd6 {[%clk 0:00:08]} 27. Qf5+ {[%clk 0:00:51]}  Kg8 {[%clk 0:00:08]} 28. g3 {[%clk 0:00:52]}  Rf8 {[%clk 0:00:02]} 29. Qe6+ {[%clk 0:00:51]} 1-0

[Event "April 9 Late 2024"]
[Site "Chess.com"]
[Date "2024.04.09"]
[Round "4"]
[White "Uddin, Mubassar"]
[Black "Kotyk, Michael"]
[Result "1-0"]
[Board "169"]
[WhiteFideId "2093944"]
[BlackFideId "16214501"]
[BlackTitle "CM"]
[WhiteElo "2213"]
[BlackElo "2454"]
[WhiteTeam "USA"]
[BlackTeam "GER"]
[WhiteClock "0:00:05"]
[BlackClock "0:00:56"]
[Variant "Standard"]

1. d4 {[%clk 0:03:00]}  Na6 {[%clk 0:03:00]} 2. c4 {[%clk 0:02:59]}  c6 {[%clk 0:03:01]} 3. Nc3 {[%clk 0:02:59]}  Nc7 {[%clk 0:03:01]} 4. e4 {[%clk 0:02:57]}  d5 {[%clk 0:03:01]} 5. cxd5 {[%clk 0:02:56]}  cxd5 {[%clk 0:03:02]} 6. e5 {[%clk 0:02:54]}  h5 {[%clk 0:02:58]} 7. Bd3 {[%clk 0:02:49]}  g6 {[%clk 0:02:58]} 8. Nf3 {[%clk 0:02:46]}  Nh6 {[%clk 0:02:58]} 9. h3 {[%clk 0:02:38]}  Bf5 {[%clk 0:02:58]} 10. O-O {[%clk 0:02:35]}  Bxd3 {[%clk 0:02:54]} 11. Qxd3 {[%clk 0:02:36]}  Nf5 {[%clk 0:02:55]} 12. Bg5 {[%clk 0:02:33]}  Qd7 {[%clk 0:02:54]} 13. Rac1 {[%clk 0:02:32]}  e6 {[%clk 0:02:54]} 14. Rfe1 {[%clk 0:02:28]}  Be7 {[%clk 0:02:53]} 15. Bf6 {[%clk 0:02:21]}  O-O {[%clk 0:02:47]} 16. Ng5 {[%clk 0:02:15]}  Bxf6 {[%clk 0:02:38]} 17. exf6 {[%clk 0:02:16]}  Ne8 {[%clk 0:02:37]} 18. g4 {[%clk 0:02:09]}  hxg4 {[%clk 0:02:36]} 19. hxg4 {[%clk 0:02:10]}  Nfd6 {[%clk 0:02:36]} 20. Rxe6 {[%clk 0:01:58]}  Nxf6 {[%clk 0:02:10]} 21. Rxf6 {[%clk 0:01:54]}  Qxg4+ {[%clk 0:02:09]} 22. Qg3 {[%clk 0:01:46]}  Qxg3+ {[%clk 0:02:03]} 23. fxg3 {[%clk 0:01:47]}  Nf5 {[%clk 0:02:00]} 24. Nxd5 {[%clk 0:01:33]}  Rad8 {[%clk 0:01:56]} 25. Nf4 {[%clk 0:01:20]}  Kg7 {[%clk 0:01:50]} 26. Rxf7+ {[%clk 0:01:01]}  Rxf7 {[%clk 0:01:47]} 27. Nfe6+ {[%clk 0:01:00]}  Kf6 {[%clk 0:01:38]} 28. Nxd8 {[%clk 0:00:59]}  Rd7 {[%clk 0:01:38]} 29. Nde6 {[%clk 0:00:57]}  Nxd4 {[%clk 0:01:25]} 30. Nxd4 {[%clk 0:00:58]}  Kxg5 {[%clk 0:01:25]} 31. Nf3+ {[%clk 0:00:55]}  Kf5 {[%clk 0:01:24]} 32. Kf2 {[%clk 0:00:52]}  g5 {[%clk 0:01:24]} 33. Rc5+ {[%clk 0:00:49]}  Ke4 {[%clk 0:01:24]} 34. Rxg5 {[%clk 0:00:41]}  Rc7 {[%clk 0:01:21]} 35. Re5+ {[%clk 0:00:39]}  Kd3 {[%clk 0:01:21]} 36. Re2 {[%clk 0:00:38]}  Rg7 {[%clk 0:01:18]} 37. Ne5+ {[%clk 0:00:36]}  Kd4 {[%clk 0:01:18]} 38. g4 {[%clk 0:00:36]}  b5 {[%clk 0:01:18]} 39. Kf3 {[%clk 0:00:33]}  a5 {[%clk 0:01:18]} 40. Kf4 {[%clk 0:00:32]}  b4 {[%clk 0:01:18]} 41. g5 {[%clk 0:00:32]}  a4 {[%clk 0:01:18]} 42. Re4+ {[%clk 0:00:28]}  Kc5 {[%clk 0:01:13]} 43. Rc4+ {[%clk 0:00:26]}  Kb5 {[%clk 0:01:13]} 44. g6 {[%clk 0:00:25]}  Rg8 {[%clk 0:01:02]} 45. Rc7 {[%clk 0:00:25]}  a3 {[%clk 0:01:01]} 46. bxa3 {[%clk 0:00:23]}  bxa3 {[%clk 0:01:01]} 47. g7 {[%clk 0:00:22]}  Kb4 {[%clk 0:01:00]} 48. Kf5 {[%clk 0:00:19]}  Ra8 {[%clk 0:01:00]} 49. Kf6 {[%clk 0:00:18]}  Ra6+ {[%clk 0:00:59]} 50. Nc6+ {[%clk 0:00:15]}  Kc3 {[%clk 0:00:59]} 51. g8=Q {[%clk 0:00:15]}  Rb6 {[%clk 0:00:59]} 52. Qg3+ {[%clk 0:00:09]}  Kb2 {[%clk 0:00:59]} 53. Qf2+ {[%clk 0:00:09]}  Ka1 {[%clk 0:00:57]} 54. Qxb6 {[%clk 0:00:09]}  Kxa2 {[%clk 0:00:57]} 55. Nb4+ {[%clk 0:00:08]}  Ka1 {[%clk 0:00:58]} 56. Qd4+ {[%clk 0:00:07]}  Kb1 {[%clk 0:00:56]} 57. Qd2 {[%clk 0:00:04]}  a2 {[%clk 0:00:56]} 58. Rc1# {[%clk 0:00:05]} 1-0

[Event "April 9 Late 2024"]
[Site "Chess.com"]
[Date "2024.04.09"]
[Round "4"]
[White "Shoshin, Kirill"]
[Black "Novikova, Margarita"]
[Result "0-1"]
[Board "173"]
[WhiteFideId "34167061"]
[BlackFideId "14109689"]
[WhiteTitle "FM"]
[BlackTitle "WCM"]
[WhiteElo "2364"]
[BlackElo "2196"]
[WhiteTeam "FID"]
[BlackTeam "GER"]
[WhiteClock "0:00:00"]
[BlackClock "0:00:53"]
[Variant "Standard"]

1. d4 {[%clk 0:02:49]}  g6 {[%clk 0:02:53]} 2. e4 {[%clk 0:02:48]}  Bg7 {[%clk 0:02:53]} 3. Nc3 {[%clk 0:02:47]}  d5 {[%clk 0:02:53]} 4. exd5 {[%clk 0:02:31]}  c6 {[%clk 0:02:52]} 5. Bc4 {[%clk 0:02:14]}  b5 {[%clk 0:02:47]} 6. Bb3 {[%clk 0:02:13]}  b4 {[%clk 0:02:45]} 7. Nce2 {[%clk 0:02:11]}  cxd5 {[%clk 0:02:43]} 8. Nf3 {[%clk 0:02:11]}  e6 {[%clk 0:02:32]} 9. O-O {[%clk 0:02:01]}  Nf6 {[%clk 0:02:24]} 10. c3 {[%clk 0:01:54]}  bxc3 {[%clk 0:02:21]} 11. bxc3 {[%clk 0:01:54]}  O-O {[%clk 0:02:21]} 12. Ng3 {[%clk 0:01:54]}  Bb7 {[%clk 0:02:17]} 13. h4 {[%clk 0:01:46]}  Ne4 {[%clk 0:02:13]} 14. Nxe4 {[%clk 0:01:45]}  dxe4 {[%clk 0:02:13]} 15. Bg5 {[%clk 0:01:22]}  Bf6 {[%clk 0:02:09]} 16. Ne5 {[%clk 0:01:02]}  Bxg5 {[%clk 0:02:01]} 17. hxg5 {[%clk 0:01:03]}  Qxg5 {[%clk 0:02:02]} 18. Re1 {[%clk 0:00:40]}  e3 {[%clk 0:01:58]} 19. f3 {[%clk 0:00:36]}  Nc6 {[%clk 0:01:18]} 20. Nd7 {[%clk 0:00:36]}  Ne7 {[%clk 0:00:57]} 21. Nxf8 {[%clk 0:00:35]}  Rxf8 {[%clk 0:00:58]} 22. Bc2 {[%clk 0:00:19]}  h5 {[%clk 0:00:55]} 23. c4 {[%clk 0:00:00]}  h4 {[%clk 0:00:53]} 0-1